| 000 | 01472cam a2200313 4500 | ||
|---|---|---|---|
| 001 | J126204 | ||
| 008 | 040514n1996 000 0 eng u | ||
| 035 | _a(Sirsi) u126204 | ||
| 041 | _aeng | ||
| 050 |
_a690.0285 _c18 |
||
| 100 | _aGann, David | ||
| 245 |
_aInformation technology decision support in the construction industry _bexecutive summary _h[electronic resource] |
||
| 260 |
_a[S.l.] _bSPRU _c1996 |
||
| 490 | _aSPRU Special Report | ||
| 520 | _aThe executive summary of a report examining the development and use of IT-based decision support systems in the US construction industry. The report illustrates some of the main developments in enabling and applications technologies and identifies ways in which the decision making is changing in construction due to the implementation of new technologies. View at www.sussex.ac.uk/spru/. For full report see ISBN 0903622769. | ||
| 650 | _aUNITED STATES | ||
| 650 | _aCONSTRUCTION INDUSTRY | ||
| 650 | _aCONSTRUCTION PROCESSES | ||
| 690 | _aMANAGEMENT-BUSINESS MANAGEMENT-INFORMATION MANAGEMENT | ||
| 700 | _aHansen, Karen Lee | ||
| 700 | _aBloomfield, David | ||
| 700 | _aBlundell, Derek | ||
| 700 | _aCrotty, Ray | ||
| 700 | _aGroak, Steven | ||
| 700 | _aJarrett, Neil | ||
| 710 |
_aUniversity of Sussex Science and Technology Policy Research Unit _93058 |
||
| 856 |
_uhttps://www.sussex.ac.uk/spru/research/kplib/archives/sr18 _zView the executive summary on www.sussex.ac.uk |
||
| 942 | _n0 | ||
| 999 |
_c103586 _d103586 |
||